00313nam a2200133Ia 45000030006000000080041000060400015000471000018000622450032000802600034001123000006001465460010001520050017001620STCL150530s9999 xx 000 0 und d aSTCLcSTCL aHimansu Joshi aShreehta Samantar Kahaniyan bParag Prakashan ; Delhic1976 a0 aHindi20220125171235.0